| 000 | 00000nam 2200000za 4500 |
|---|---|
| 001 | 9.652949 |
| 003 | CaOODSP |
| 005 | 20240501111015 |
| 007 | ta |
| 008 | 150407|1988||||xxc||||| f|0| 0 eng d |
| 020 | |a0-660-54232-3 |
| 040 | |aCaOODSP|beng |
| 041 | |aeng |
| 041 | |afre |
| 043 | |an-cn--- |
| 086 | 1 |aYX44-1985/7 |
| 110 | 1 |aCanada.|bStatutes. |
| 245 | 10|aRevised Statutes of Canada, 1985, vol. VII |
| 260 | |bStatutes, |c1988. |
| 590 | |a88-30|b1988-07-29 |
| 776 | 0#|tLois révisées du Canada (1985). Vol. VII / |w(CaOODSP)9.676798 |
| 792 | |tLois révisées du Canada (1985), vol. VII |efre|w(CaOODSP)9.652950 |